000 00545nam a2200229Ia 4500
003 OSt
005 20221006153019.0
006 a|||||r|||| 00| 0
007 ta
008 221006b |||||||| |||| 00| 0 eng d
020 _c
_55.00
024 _a30,953
037 _cTextual
040 _aEASL
_cEASL
_beng
041 _2eng
_aeng
245 0 _aChinese civilization in five thousand years
260 _aChina
_bChina Cosmos
_c1971
300 _a232p.
_ccm.
490 _v CEL
942 _cTEXL
_2CC
999 _c1099039
_d1099039